MARC

LEADER 00000nam0a2200000 4500
001 686339
005 20260604142356.0
090 |a 686339 
100 |a 20260504d2009 k||y0rusy50 ca 
101 0 |a rus 
102 |a RU 
105 |a y z 001yy 
181 0 |a i   |b  e  
182 0 |a n 
183 0 |a nc  |2 RDAcarrier 
200 1 |a Докторантам, аспирантам, соискателям учёных степеней и учёных званий  |f В. П. Горелов, М. М. Никитин, В. П. Спиридонов 
203 |a Текст  |b визуальный  |c непосредственный 
210 |a Новосибирск  |c Изд-во НГАВТ  |d 2009 
215 |a 397 с. 
283 |a volume  |2 RDAcarrier 
320 |a Список литературы: с. 98-100 
606 |a Учёные степени  |x Получение  |9 83407 
606 |a Научные работы  |x Оформление  |9 64439 
610 1 |a наука 
610 1 |a научная работа 
610 1 |a научно-исследовательские работы 
610 1 |a  кандидатские диссертации  
610 1 |a ученые звания  
610 1 |a подготовка 
610 1 |a защита 
610 1 |a написание 
610 1 |a научная информация 
686 |2 rubbk  |a Ч216(2)24 
686 |2 rubbk  |a Ч215.7 
700 1 |a Горелов  |b В. П.   |g Валерий Павлович 
701 1 |a Никитин  |b М. М.  |c российский физик  |c профессор кафедры высшей математики и математической физики Томского политехнического университета  |f 1943-  |g Михаил Михайлович  |9 7785 
701 1 |a Спиридонов  |b В. П.  |d Валерий Петрович 
801 0 |c 20260504  |a RU  |b 63413507 
942 |c BK